| 000 | 01126nam a2200385 a 4500 | ||
|---|---|---|---|
| 001 | 22825 | ||
| 003 | SK-KTurca | ||
| 005 | 20260429085046.0 | ||
| 008 | 120629s2012 xo a d 000 f slo d | ||
| 020 | _a9788081420061 (viaz.) | ||
| 035 | _aa000461750 | ||
| 040 |
_aPPPK _bslo _cUKB _eAACR2 |
||
| 041 | 1 |
_aslo _heng |
|
| 044 |
_axo _cSK |
||
| 072 | 7 |
_a821.111(73)-3 _xAmerická próza _2konspekt |
|
| 080 |
_a821.111(73)-31 _22001 |
||
| 080 |
_a(0:82-31) _22001 |
||
| 100 | 1 | _aDeStefano, Lauren | |
| 240 | 1 | 0 |
_aWither (the chemical garden trilogy). _lSlovensky |
| 245 | 1 | 0 |
_aZáhrada večnosti _nKniha prvá _pPasca _cLauren DeStefano ; [preklad Zuzana Kamenská] |
| 246 | 3 | 0 | _aPasca |
| 250 | _a1. vyd. | ||
| 260 |
_aBratislava _bFortuna Libri _c2012 |
||
| 300 |
_a360 s. _bil. |
||
| 490 | 1 | _aFortuna Teen | |
| 500 | _aRozlož. tit. list | ||
| 500 | _aTrilógia | ||
| 653 | _a821.111(73)-31 | ||
| 653 | _a(0:82-31) | ||
| 655 | 7 |
_aamerické romány _2UKBPH |
|
| 700 | 1 |
_aKamenská, Zuzana _4trl |
|
| 830 | 0 | _aFortuna Teen | |
| 942 |
_2ddc _cKLDO _n0 |
||
| 999 |
_c22825 _d22825 |
||